[Event "Kaltern/Tramin2-Brixen/Milland"]
[Site "?"]
[Date "2018.02.24"]
[Round "8.4"]
[White "Sanin, Wilfried"]
[Black "Sauermoser, Matthaeus"]
[Result "0-1"]
[WhiteElo "1522"]
[BlackElo "1381"]
[PlyCount "76"]
[EventDate "2018.02.24"]

1. d4 d5 2. Bf4 Bf5 3. e3 e6 4. c3 Bd6 5. Bd3 Bxd3 6. Qxd3 Bxf4 7. exf4 c6 8.
Nf3 Nd7 9. O-O Ngf6 10. Nbd2 h6 11. Ne5 Nxe5 12. fxe5 Nh5 13. g3 Qg5 14. Nf3
Qg4 15. Kg2 Nf4+ 16. Kg1 Nxd3 17. Nh4 b5 18. f3 Qg5 19. f4 Qg4 20. Rf3 Nxb2 21.
Kg2 g5 22. h3 Qh5 23. fxg5 hxg5 24. Raf1 gxh4 25. g4 Qg6 26. Rf6 Qg7 27. R6f3
Rf8 28. Rb1 Nc4 29. Rd1 O-O-O 30. Ra1 f6 31. exf6 Rxf6 32. Rd3 Rdf8 33. a4 Rf2+
34. Kg1 bxa4 35. Re1 Qg6 36. Rdd1 Qc2 37. Rc1 Rg2+ 38. Kh1 Rh2+ 0-1

[Event "Kaltern/Tramin3-Richter/Lask2 "]
[Site "?"]
[Date "2018.02.24"]
[Round "8.1"]
[White "Casadio, Lorenzo"]
[Black "Dibiasi, Rainer"]
[Result "0-1"]
[WhiteElo "1834"]
[BlackElo "1821"]
[PlyCount "70"]
[EventDate "2018.02.24"]

1. Nf3 Nf6 2. c4 c5 3. Nc3 g6 4. g3 Bg7 5. Bg2 O-O 6. O-O Nc6 7. d4 cxd4 8.
Nxd4 Nh5 9. Be3 Ne5 10. c5 Rb8 11. Qa4 a6 12. Rfd1 e6 13. Ne4 Ng4 14. Bg5 Qc7
15. Be7 b5 16. Qc2 Bb7 17. Bd6 Qc8 18. Bxb8 Qxb8 19. Nd6 Bxg2 20. Kxg2 f5 21.
Qb3 Kh8 22. Qf3 e5 23. h3 Ngf6 24. Nc2 e4 25. Qb3 h6 26. Nb4 f4 27. Nxa6 Qa8
28. Nc7 Qc6 29. Nd5 fxg3 30. Qxb5 Nxd5 31. Qxc6 Rxf2+ 32. Kg1 Nhf4 33. Nf7+ Kh7
34. Qd6 Nxh3+ 35. Kh1 Rh2# 0-1

[Event "Kaltern/Tramin3-Richter/Lask2 "]
[Site "?"]
[Date "2018.02.24"]
[Round "8.4"]
[White "Unterkofler, Alex"]
[Black "Casadio, Niccolo"]
[Result "1-0"]
[WhiteElo "1680"]
[BlackElo "1552"]
[PlyCount "97"]
[EventDate "2018.02.24"]

1. e4 e6 2. d4 d5 3. e5 c5 4. c3 Nc6 5. Nf3 Qb6 6. Be2 Nh6 7. Bxh6 gxh6 8. Qd2
Rg8 9. O-O Bd7 10. dxc5 Qxc5 11. Na3 O-O-O 12. Nb5 Nxe5 13. Nxa7+ Qxa7 14. Nxe5
Be8 15. Bf3 Bd6 16. Rfe1 Qb8 17. Qd4 Rg5 18. Ng4 h5 19. h4 Rxg4 20. Bxg4 hxg4
21. Qxg4 Qc7 22. c4 d4 23. Red1 Be5 24. Qe4 f6 25. Qg4 Bf7 26. Qe2 f5 27. g3
Rg8 28. Rd3 Bf6 29. Kh2 e5 30. Ra3 e4 31. Ra8+ Kd7 32. Rxg8 Bxg8 33. Qh5 Ke6
34. Qe8+ Kd6 35. Qxg8 d3 36. Qd5+ Ke7 37. Re1 Qb6 38. Qxf5 Qxb2 39. Rxe4+ Kd8
40. Qd5+ Kc7 41. Qxd3 Qxf2+ 42. Kh3 Qxa2 43. Re2 Qa4 44. Qxh7+ Kb8 45. Qg8+ Ka7
46. Qe6 Bd4 47. c5 Qb5 48. Ra2+ Kb8 49. Qd6+ 1-0

[Event "Naturns-Klausen"]
[Site "?"]
[Date "2018.02.24"]
[Round "8.1"]
[White "Schacher, Gerd"]
[Black "La Manna, Andrea"]
[Result "1-0"]
[WhiteElo "2282"]
[BlackElo "2157"]
[PlyCount "49"]
[EventDate "2018.02.24"]

1. c4 Nf6 2. Nc3 g6 3. e4 d6 4. d4 Bg7 5. f3 O-O 6. Be3 Nc6 7. Nge2 a6 8. Qd2
Rb8 9. Rc1 Bd7 10. Nd1 b5 11. c5 e6 12. Nf2 Re8 13. Bg5 dxc5 14. Rxc5 Bf8 15.
Rxc6 Bxc6 16. e5 Be7 17. exf6 Bxf6 18. Bxf6 Qxf6 19. Ng4 Qg7 20. Qg5 Red8 21.
h4 h5 22. Nf6+ Kh8 23. Rh3 b4 24. Nf4 Rxd4 25. N4xh5 1-0

[Event "Naturns-Klausen"]
[Site "?"]
[Date "2018.02.24"]
[Round "8.2"]
[White "Unterthurner, Hans"]
[Black "Seebacher, Michael"]
[Result "0-1"]
[WhiteElo "1933"]
[BlackElo "1944"]
[PlyCount "60"]
[EventDate "2018.02.24"]

1. e4 Nc6 2. d4 e5 3. Nf3 exd4 4. Nxd4 Qh4 5. Nxc6 Qxe4+ 6. Be2 dxc6 7. O-O Bd6
8. Re1 Be6 9. Bh5 Qf5 10. Bg4 Qg6 11. Bxe6 fxe6 12. Qe2 O-O-O 13. Nd2 Nf6 14.
Nf3 e5 15. Be3 Kb8 16. Qc4 e4 17. Nd4 Ng4 18. h3 Ne5 19. Qa4 c5 20. Nb5 a6 21.
Nxd6 Nf3+ 22. Kf1 Nxe1 23. Nxb7 Qxg2+ 24. Kxe1 Qh1+ 25. Ke2 Qf3+ 26. Ke1 Kxb7
27. Rc1 Rd6 28. Qb3+ Ka8 29. c4 Rhd8 30. Qa4 Rg6 0-1

[Event "Naturns-Klausen"]
[Site "?"]
[Date "2018.02.24"]
[Round "8.3"]
[White "Schrott, Karl"]
[Black "Naegele, Norbert"]
[Result "1/2-1/2"]
[WhiteElo "1988"]
[BlackElo "1837"]
[PlyCount "65"]
[EventDate "2018.02.24"]

1. e4 g6 2. d4 Bg7 3. c4 d6 4. Nc3 Nf6 5. Nf3 O-O 6. Be2 e5 7. d5 a5 8. O-O
Nbd7 9. Bg5 h6 10. Bh4 g5 11. Bg3 Nc5 12. Nd2 Nfxe4 13. Ndxe4 Nxe4 14. Nxe4 f5
15. f3 fxe4 16. fxe4 b6 17. Rxf8+ Qxf8 18. a3 Bd7 19. b4 Qf6 20. Qd3 axb4 21.
Rf1 Rxa3 22. Qb1 Qd8 23. Be1 Ra8 24. Qxb4 Qe8 25. Qb3 Qg6 26. Qc2 h5 27. g4
hxg4 28. Bg3 Qe8 29. Qd1 Qc8 30. Qd2 Qd8 31. Qd1 Qc8 32. Qc1 Qd8 33. Qd1
1/2-1/2

[Event "Naturns-Klausen"]
[Site "?"]
[Date "2018.02.24"]
[Round "8.4"]
[White "Gurschler, Thomas"]
[Black "Schrott, Ernst"]
[Result "0-1"]
[WhiteElo "1837"]
[BlackElo "1884"]
[PlyCount "160"]
[EventDate "2018.02.24"]

1. d4 g6 2. Bf4 Bg7 3. e3 d6 4. Nf3 Nd7 5. h3 e5 6. Bg5 f6 7. Bh4 Ne7 8. Bg3
O-O 9. Be2 Nf5 10. Bh2 Nb6 11. O-O Be6 12. Nbd2 c5 13. c3 cxd4 14. exd4 Qc7 15.
a4 Nc4 16. Qb3 Rac8 17. Bxc4 Bxc4 18. Qxc4+ Qxc4 19. Nxc4 Rxc4 20. dxe5 dxe5
21. Rfd1 Rfc8 22. Rd7 R8c7 23. Rxc7 Rxc7 24. g4 Nd6 25. g5 Nc4 26. b3 Na5 27.
b4 Nb3 28. Rd1 Rxc3 29. gxf6 Bxf6 30. Nxe5 Bxe5 31. Bxe5 Rc1 32. Rxc1 Nxc1 33.
Bb8 a6 34. b5 Kf7 35. Kf1 Ke6 36. Ke1 Nb3 37. bxa6 bxa6 38. Ke2 Kd5 39. Bc7 Kc6
40. Bd8 Nc5 41. a5 Nb7 42. Bb6 Kb5 43. Kf3 Nxa5 44. Bd8 Nc6 45. Bf6 Kc5 46. Kg4
Kd5 47. Kg5 Ke6 48. Bc3 Kf7 49. Kh6 Kg8 50. Kg5 a5 51. f4 a4 52. h4 a3 53. h5
gxh5 54. Kxh5 Ne7 55. Ba1 a2 56. Bb2 Nf5 57. Kg5 Nd6 58. Kh6 Nc4 59. Ba1 Ne3
60. Bb2 Nc4 61. Ba1 Nd6 62. Bb2 Nf7+ 63. Kh5 Kf8 64. Kg4 Ke7 65. Kh5 Ke6 66.
Kg4 Nh6+ 67. Kg5 Nf5 68. Ba1 Nd6 69. Bb2 Ne4+ 70. Kh6 Kf5 71. Kxh7 Kxf4 72. Kg6
Ke3 73. Kf5 Nc5 74. Ba1 Kd3 75. Kf4 Na4 76. Kf3 Kc2 77. Ke2 Kb1 78. Kd2 Nb2 79.
Kc3 Kxa1 80. Kc2 Nd3 0-1

[Event "Naturns-Klausen"]
[Site "?"]
[Date "2018.02.24"]
[Round "8.5"]
[White "Schrott, Johann"]
[Black "Gurschler, Gregor"]
[Result "1-0"]
[WhiteElo "1844"]
[BlackElo "1796"]
[PlyCount "105"]
[EventDate "2018.02.24"]

1. e4 d6 2. d4 Nf6 3. Nc3 g6 4. Bc4 Bg7 5. Nge2 O-O 6. O-O Nxe4 7. Nxe4 d5 8.
Bd3 dxe4 9. Bxe4 Nd7 10. c3 Nf6 11. Bf3 c6 12. Ng3 Be6 13. Re1 Re8 14. Bg5 Bd5
15. Qd3 Bxf3 16. Qxf3 Qd5 17. Qxd5 cxd5 18. Re2 e6 19. Rae1 Nd7 20. Nf1 Rec8
21. Ne3 b5 22. a3 a5 23. Be7 Rab8 24. g4 b4 25. axb4 axb4 26. Bxb4 Bxd4 27. Bd6
Rb6 28. Bf4 Bg7 29. h4 h6 30. Bg3 Nc5 31. Rd1 Na4 32. Rdd2 Nc5 33. f3 Nb3 34.
Rd1 d4 35. cxd4 Nxd4 36. Rf2 Rb3 37. Re1 Ra8 38. Kg2 Ra2 39. Nd1 Bf6 40. f4 Nc6
41. f5 exf5 42. gxf5 Kg7 43. fxg6 Kxg6 44. h5+ Kg5 45. Ref1 Rxg3+ 46. Kxg3 Be5+
47. Kh3 Kxh5 48. Rg2 Nd4 49. Rxf7 Ra5 50. Nc3 Ne6 51. Ne4 Ng5+ 52. Nxg5 hxg5
53. Rf5 1-0

[Event "Naturns-Klausen"]
[Site "?"]
[Date "2018.02.24"]
[Round "8.6"]
[White "Naegele, Raimund"]
[Black "Sigmund, Ingenuin"]
[Result "1-0"]
[WhiteElo "1615"]
[BlackElo "1658"]
[PlyCount "121"]
[EventDate "2018.02.24"]

1. d4 Nf6 2. Nf3 d6 3. g3 g6 4. Bg2 c5 5. dxc5 Qa5+ 6. Bd2 Qxc5 7. O-O Bg7 8.
Nc3 O-O 9. e4 Nc6 10. a3 Qh5 11. Ng5 h6 12. Qxh5 Nxh5 13. Nf3 Bd7 14. Rab1 Rab8
15. Rfe1 b5 16. Nd5 e6 17. Nb4 Rfc8 18. Nd3 g5 19. h3 Nd4 20. Nxd4 Bxd4 21. c3
Bb6 22. Be3 a5 23. Bxb6 Rxb6 24. e5 Ng7 25. exd6 Rxd6 26. Rbd1 Rd8 27. b4 Be8
28. Nb2 axb4 29. axb4 Kf8 30. Rxd6 Rxd6 31. Rd1 Ke7 32. Rxd6 Kxd6 33. c4 bxc4
34. Nxc4+ Kc7 35. Ne5 f5 36. Bf1 Kd6 37. Nc4+ Kd5 38. Na5 Bd7 39. b5 Kc5 40.
Nb7+ Kb6 41. Nd6 Be8 42. Bc4 e5 43. Be2 Bg6 44. Nc4+ Kc5 45. b6 Kc6 46. Nxe5+
Kxb6 47. Nxg6 Kc5 48. Nh8 h5 49. Nf7 g4 50. h4 Kd4 51. Ng5 Ke5 52. Bd3 Kd4 53.
Bb1 Ke5 54. Kf1 Ne8 55. Ke2 Nd6 56. Ba2 Kf6 57. Ke3 Kg6 58. Kf4 Kf6 59. Be6 Nb5
60. Bxf5 Nc3 61. Ne4+ 1-0